• 首页
  • 本馆介绍
  • 公告通知
  • 最新文献
  • 馆藏检索
  • 电子资源
  • 读者导购
  • 参考咨询
  • 我的图书馆
  • 登录
  • 详细信息显示
  • 放入我的书架
  • 预约/预借图书
  • 作者相关作品
  • 分类相关作品
  • 丛书相关作品
  • 出版社相关作品

书目信息

  • 表格格式
  • 工作单格式
  • 卡片格式
题名:
儒家群己观研究
    
 
作者: 王齐彦 著
分册:  
出版信息: 北京   中国社会科学出版社  2006
页数: 259页
开本: 21cm
丛书名:
单 册:
中图分类: B222.05 , C912.1 , B222.05
科图分类:
主题词: 儒家--个体--关系--群体--研究 , 儒家 , 群体 , 个体 , 先秦哲学
电子资源:
ISBN: 7-5004-5617-4
000 00929nam0 2200301 450
001 1155114325
005 20110929152024.87
010    @a7-5004-5617-4@dCNY19.00
100    @a20060529d2006 em y0chiy50 ea
101 0  @achi
102    @aCN@b110000
105    @ay z 000yy
106    @ar
200 1  @a儒家群己观研究@f王齐彦著@Aru jia qun ji guan yan jiu
210    @a北京@c中国社会科学出版社@d2006
215    @a259页@d21cm
330    @a本书系统地考察了儒家自先秦至民末关于群己关系有代表性的学说和流派,对儒家的群己关系说作出了新的、有启发意义的概括和分析。
606 0  @a儒家@x个体@x关系@x群体@x研究
606 0  @a儒家
606 0  @a群体
606 0  @a个体
606 0  @a先秦哲学
690    @aB222.05@v4
690    @aC912.1@v4
690    @aB222.05@v4
701  0 @a王齐彦@c(民政工作)@4著@Awang qi yan
801  0 @aCN@b大连网信软件有限公司图书馆·11@c20110929
905    @a10447@dB222.05@eJY131
    
    儒家群己观研究/王齐彦著.-北京:中国社会科学出版社,2006
    259页;21cm
    
    
    ISBN 7-5004-5617-4:CNY19.00
    本书系统地考察了儒家自先秦至民末关于群己关系有代表性的学说和流派,对儒家的群己关系说作出了新的、有启发意义的概括和分析。
●
相关链接 在E读中查询图书 在五车中查询图书 在当当中查询图书 在豆瓣中查询图书


正题名:儒家群己观研究     索取号:B222.05/JY131         预约/预借

序号 登录号 条形码 馆藏地/架位号 状态 备注
1 7824633   278246337   学院路分馆/ [索取号:B222.05/JY131] 在馆    
2 7824634   278246346   学院路分馆/ [索取号:B222.05/JY131] 在馆    
唐山师范学院图书馆 欢迎您!
大连网信软件有限公司© 版权所有